Top 200 Anime on MAL - Statistics

General Stats
  • This quiz has been taken 14 times
  • The average score is 37 of 200
Answer Stats
Hint Answer % Correct
11 Bleach
90%
29 Haikyuu
90%
10 One Piece
90%
7 Attack on Titan
80%
43 Jujutsu Kaisen
80%
64 Death Note
70%
47 Demon Slayer: Kimetsu no Yaiba
70%
2 JoJo's Bizarre Adventure
70%
1 Frieren: Beyond Journey's End
60%
8 Hunter x Hunter
60%
180 Naruto
60%
19 Re:ZERO -Starting Life in Another World
60%
15 A Silent Voice
50%
104 Assassination Classroom
50%
4 Chainsaw Man
50%
89 Dr. Stone
50%
141 K-On!
50%
41 My Hero Academia
50%
108 One Punch Man
50%
69 Berserk
40%
16 Code Geass: Lelouch of the Rebellion
40%
32 Cowboy Bebop
40%
198 Dororo
40%
14 Fruits Basket
40%
3 Fullmetal Alchemist: Brotherhood
40%
58 Gurren Lagann
40%
12 Kaguya-sama: Love is War
40%
130 KonoSuba: God's Blessing on This Wonderful World
40%
28 Mob Psycho 100
40%
20 Monster
40%
163 Psycho-Pass
40%
85 Solo Leveling
40%
5 Steins;Gate
40%
110 The Promised Neverland
40%
57 Your Lie in April
40%
175 Anohana: The Flower We Saw That Day
30%
114 Banana Fish
30%
36 Bocchi the Rock!
30%
123 Dandadan
30%
170 Erased
30%
55 Fate/stay night
30%
6 Gintama
30%
83 Given
30%
78 I Want To Eat Your Pancreas
30%
179 Kuroko's Basketball
30%
75 Nana
30%
76 Neon Genesis Evangelion
30%
111 Ne Zha
30%
166 Parasyte: The Maxim
30%
53 Princess Mononoke
30%
88 Samurai Champloo
30%
40 Slam Dunk
30%
30 Spirited Away
30%
122 Spy x Family
30%
17 The Apothecary Diaries
30%
23 Violet Evergarden
30%
37 86 Eighty-Six
20%
67 Bungou Stray Dogs
20%
161 Call of the Night
20%
13 Clannad
20%
100 Dorohedoro
20%
27 Fighting Spirit
20%
93 Grand Blue Dreaming
20%
52 Howl's Moving Castle
20%
134 Josee, the Tiger and the Fish
20%
200 Kaiji: Ultimate Survivor
20%
48 Link Click
20%
66 Made in Abyss
20%
131 Maquia: When the Promised Flower Blooms
20%
21 Monogatari Series
20%
127 Mononoke
20%
39 Mushishi
20%
70 Mushoku Tensei: Jobless Reincarnation
20%
155 My Teen Romantic Comedy SNAFU
20%
42 Oshi no Ko
20%
80 Perfect Blue
20%
92 Puella Magi Madoka Magica
20%
73 Rascal Does Not Dream of Bunny Girl Senpai
20%
44 Samurai X
20%
174 Spice and Wolf
20%
159 That Time I Got Reincarnated as a Slime
20%
128 The Disastrous Life of Saiki K
20%
26 Vinland Saga
20%
195 Weathering with You
20%
25 Your Name.
20%
165 Ace of Diamond
10%
95 A Place Further Than The Universe
10%
98 Aria
10%
150 Baccano!
10%
86 Bakuman.
10%
191 BanG Dream!
10%
138 Barakamon
10%
176 Beck
10%
118 Blue Giant
10%
105 Chihayafuru
10%
62 Chiikawa
10%
99 Cosmic Princess Kaguya!
10%
63 Cyberpunk: Edgerunners
10%
132 Detective Conan
10%
144 Doraemon
10%
192 Doukyusei: Classmates
10%
87 Ghost in the Shell: Stand Alone Complex
10%
116 Girls and Panzer
10%
139 Girls Band Cry
10%
84 Grave of the Fireflies
10%
50 Great Teacher Onizuka
10%
59 Heaven Official's Blessing
10%
156 Hellsing Ultimate
10%
140 Initial D
10%
199 Is It Wrong to Try to Pick Up Girls in a Dungeon?
10%
31 Journal with Witch
10%
124 Kamisama Hajimemashita
10%
119 Kimi ni Todoke: From Me to You
10%
120 Kono Oto Tomare!: Sounds of Life
10%
97 Laid-Back Camp
10%
9 Legend of the Galactic Heroes
10%
65 Look Back
10%
68 Lord of Mysteries
10%
94 Love Through a Prism
10%
126 Major
10%
18 March Comes In Like a Lion
10%
154 Miss Kobayashi's Dragon Maid
10%
153 Mobile Suit Gundam
10%
186 Moriarty the Patriot
10%
56 Natsume's Book of Friends
10%
102 Nippon Sangoku
10%
148 Non Non Biyori
10%
162 One Outs
10%
38 Orb: On the Movements of the Earth
10%
115 Pluto
10%
103 Ranking of Kings
10%
181 Redline
10%
193 Shirobako
10%
45 Showa Genroku Rakugo Shinju
10%
34 Sound! Euphonium
10%
109 Summertime Render
10%
33 Takopi's Original Sin
10%
46 The Dangers in My Heart
10%
90 The Fragrant Flower Blooms with Dignity
10%
74 The Master of Diabolism
10%
71 The Melancholy of Haruhi Suzumiya
10%
51 To Be Hero X
10%
24 Tomorrow's Joe
10%
151 To Your Eternity
10%
49 Uma Musume
10%
167 Welcome to the N.H.K.
10%
196 Wistoria: Wand and Sword
10%
35 Witch Hat Atelier
10%
79 Wolf Children
10%
172 You and I Are Polar Opposites
10%
113 Yu Yu Hakusho: Ghost Files
10%
152 100 Meters
0%
81 A Record Of Mortal's Journey To Immortality
0%
145 Battle Through the Heavens
0%
169 Bunny Drop
0%
133 Cross Game
0%
72 Delicious in Dungeon
0%
197 Fog Hill of Five Elements
0%
117 Golden Kamuy
0%
146 IDOLiSH7 Third Beat
0%
177 Katanagatari
0%
182 Kids on the Slope
0%
22 Kingdom
0%
190 King of Braves GaoGaiGar
0%
178 Kino's Journey
0%
129 Land of the Lustrous
0%
173 Ling Cage
0%
106 Medalist
0%
184 Moomin
0%
147 Nausicaä of the Valley of the Wind
0%
107 Nichijou
0%
60 Odd Taxi
0%
61 Ping Pong the Animation
0%
112 Rainbow
0%
136 Ramayana: The Legend of Prince Rama
0%
96 Renegade Immortal
0%
77 Revue Starlight
0%
158 Romeo's Blue Skies
0%
135 Run with the Wind
0%
121 Saekano: How to Raise a Boring Girlfriend
0%
168 Sasaki and Miyano
0%
149 Scissor Seven
0%
188 Silver Spoon
0%
187 Soul Land
0%
101 Space Brothers
0%
194 Space Dandy
0%
160 Star Blazers: Space Battleship Yamato 2199
0%
142 Swallowed Star
0%
171 Tales of Herding Gods
0%
183 Tamayura: Sotsugyou Shashin
0%
125 Teasing Master Takagi-san
0%
157 The Beast Player Erin
0%
91 The Garden of Sinners
0%
54 The Legend of Hei
0%
143 The Rose of Versailles
0%
82 The Tatami Galaxy
0%
164 Throne of Seal
0%
185 Tokyo Godfathers
0%
189 Tsubasa RESERVoir CHRoNiCLE
0%
137 Vivy -Fluorite Eye's Song-
0%
No matching quizzes found
Score Distribution
Percent of People with Each Score
Percentile by Number Answered
Your Score History
You have not taken this quiz